000 00512 a2200145 4500
001 ART_45510
005 20260410161731.0
008 260409a
245 1 0 _aUn sistema de información basado en costos para la toma de decisiones sobre precios
653 _aResumen de tesis de posgrado
100 1 _aPerata, Antonela
700 1 _aFreitas, Henrique M. R. de
700 1 _aPesce, Gabriela
773 0 _tEscritos contables y de administración
_g- Vol. 7, Nº 2 (jul./dic. 2006)
_wREV2758
999 _c17827
_d17827